=LDR 00000nam 2200000 4500 =001 INLIS000000000016595 =005 20130612111853 =008 ***********************************Ind** =035 ##$$0010-061300000016595 =041 ##$$a Ind =082 ##$$a 320.540 4 =090 ##$$a 320.540 4, Sny d =100 ##$$a Snider, Jack =245 ##$$a Dari penungutan suara ke pertumbuhan darah, demokratisasi dan konflik nasionalis, Jack Snyder =260 ##$$a 2003 $b Jakarta =300 ##$$a xviii, 498 hlm, 21 cm =650 ##$$a Nasionalisme, konflik =850 ##$$a NBPNMAT